Implementación de medidas de reducción y compensación de huella de carbono en proyectos constructivos de la empresa constructora EDIFICAR S.A.
Сохранить в:
| Главный автор: | |
|---|---|
| Формат: | |
| Опубликовано: |
[San José], Costa Rica
2014
|
| Предметы: | |
| Метки: |
Добавить метку
Нет меток, Требуется 1-ая метка записи!
|
MARC
| LEADER | 00000nam a22000007a 4500 | ||
|---|---|---|---|
| 003 | 012107 | ||
| 005 | 20230131134611.0 | ||
| 008 | 150216b2014 cr a|||| |||| 00| 0 s d | ||
| 040 | |c cru CEDI | ||
| 090 | |a TFG 7267 | ||
| 100 | |a Vergara Pacheco, José Paulo, 1997- |9 28 | ||
| 245 | |a Implementación de medidas de reducción y compensación de huella de carbono en proyectos constructivos de la empresa constructora EDIFICAR S.A. | ||
| 260 | |a [San José], Costa Rica |c 2014 | ||
| 500 | |a Proyecto de graduación (licenciatura en ingeniería civil)--Universidad de Costa Rica. Facultad de Ingeniería. Escuela de Ingeniería Civil | ||
| 650 | |x GASES DEL EFECTO INVERNADERO - EVALUACION |x GASES DEL EFECTO INVERNADERO - MEDICIONES |x CALENTAMIENTO GLOBAL |x CAMBIOS CLIMATICOS |x GASES DEL EFECTO INVERNADERO |x POLITICA AMBIENTAL |x CAMBIOS CLIMATICOS - ASPECTOS AMBIENTALES |x CAMBIOS CLIMATICOS - ASPECTOS ECONOMICOS |9 29 | ||
| 942 | |c TFG | ||
| 999 | |c 13374 |d 13374 | ||
